LEADER 01419nam2-2200421---450- 001 990001486000203316 005 20050527142918.0 035 $a000148600 035 $aUSA01000148600 035 $a(ALEPH)000148600USA01 035 $a000148600 100 $a20040308d1968----km-y0itay0103----ba 101 $afre 102 $aFR 105 $aa|||||||001yy 200 1 $a<<1.>> : <> préliminaires généraux et la philosophie mathématique$fAuguste Comte$gintroduction de Sylvain Perignon 205 $aRist. anast. 210 $aParis$cAnthropos$d1968 215 $aLXIV, XV, 608 p., [1] c. di tav. ripieg.$cill.$d22 cm 300 $aRipr. facs. della 5. ed. identica alla 1.: Paris: au siége de la Société positiviste, 1892 410 0$12001 454 1$12001 461 1$1001000148596$12001$aCours de philosophie positive 606 0 $aPositivismo 676 $a146.4 700 1$aCOMTE,$bAuguste$045863 702 1$aPÉRIGNON,$bSylvain 801 0$aIT$bsalbc$gISBD 912 $a990001486000203316 951 $aII.1.D. 1023/1 (IV A 790/1)$b30317 L.M.$cIV A 959 $aBK 969 $aUMA 979 $aSIAV4$b10$c20040308$lUSA01$h1757 979 $aSIAV4$b10$c20040308$lUSA01$h1803 979 $aPATRY$b90$c20040406$lUSA01$h1744 979 $aCOPAT4$b90$c20050527$lUSA01$h1429 996 $aPréliminaires généraux et la philosophie mathématique$9933792 997 $aUNISA LEADER 02902nam 2200481 450 001 9910789665603321 005 20230213214600.0 010 $a1-283-20211-5 010 $a9786613202116 010 $a0-8264-4524-1 035 $a(CKB)2670000000107195 035 $a(EBL)743206 035 $a(OCoLC)745866757 035 $a(MiAaPQ)EBC743206 035 $a(Au-PeEL)EBL743206 035 $a(CaPaEBR)ebr11235658 035 $a(CaONFJC)MIL320211 035 $a(EXLCZ)992670000000107195 100 $a20181003d1984 uy 0 101 0 $aeng 135 $aur|n|---||||| 181 $ctxt$2rdacontent 182 $cc$2rdamedia 183 $acr$2rdacarrier 200 14$aThe rural economy of England $ecollected essays /$fJoan Thirsk 210 1$aLondon :$cHambledon Press,$d[1984] 210 4$d©1984 215 $a1 online resource (433 p.) 300 $aDescription based upon print version of record. 311 $a0-907628-29-X 327 $aCONTENTS; I The Content and Source of English Agrarian History after 1500; II Sources of Information on Population, 1500-1760; III Unexplored Sources in Local Records; IV The Common Fields; V The Origin of the Common Fields; VI Tudor Enclosures; VII The Sales of Royalist Land during the Interregnum; VIII The Restoration Land Settlement; IX Farming in Kesteven, 1540-1640; X The Isle of Axholme before Vermuyden; XI Horn and Thorn in Staffordshire: The Economy of a Pastoral County; XII Seventeenth-Century Agriculture and Social Change; XIII Industries in the Countryside 327 $aXIV The Fantastical Folly of Fashion: The English Stocking Knitting Industry, 1500-1700XV New Crops and Their Diffusion: Tobacco-Growing in Seventeenth-Century England; XVI Projects for Gentlemen, Jobs for the Poor: Mutual Aid in the Vale of Tewkesbury, 1600-1630; XVII Stamford in the Sixteenth and Seventeenth Centuries; XVIII The Family; XIX Younger Sons in the Seventeenth Century; XX The European Debate on Customs of Inheritance, 1500-1700; XXI Horses in Early Modern England: for Service, for Pleasure, for Power 330 $aNo one has done more to emphasise the significance of the land in early modern England that Joan Thirsk, whose writings are both an important contribution to its history and point the way for future research. The subjects of this collection include the origin and nature of the common fields, Tudor enclosures, the Commonwealth confiscation of Royalist land and its subsequent return after the Restoration, inheritance customs, and the role of industries in the rural economy, among them stocking knitting. 607 $aEngland$xEconomic conditions 676 $a330.9420091734 700 $aThirsk$b Joan$0140608 801 0$bMiAaPQ 801 1$bMiAaPQ 801 2$bMiAaPQ 906 $aBOOK 912 $a9910789665603321 996 $aThe rural economy of England$93749861 997 $aUNINA